| 000 | 01219cad a22002175a 4500 | ||
|---|---|---|---|
| 001 | L156302 | ||
| 008 | 120511s2012 xxkqr p 0 a0eng u | ||
| 035 | _a(Sirsi) u156302 | ||
| 041 | 1 | _aeng | |
| 041 | 1 | _achi | |
| 110 | 2 | _aOrrick, Herrington & Sutcliffe | |
| 245 | 0 | 0 |
_aChina _bImplementing Regulations for the PRC bid invitation and submission law _h[electronic resource] |
| 260 |
_aShanghai _bOrrick, Herrington & Sutcliffe _c2012 |
||
| 520 | _aOn December 20 2011, the State Council issued the Implementing Regulations for the Law of the People's Republic of China on Bid Invitation and Submission, which became effective on February 1, 2012. Under the implementing regulations, government officials are expressly prohibited from using any means to illegally interfere in the tender process for construction projects. | ||
| 590 | _aKA | ||
| 651 | 4 | _aChina | |
| 690 | _aProcurement-old | ||
| 690 |
_aContracts _96232 |
||
| 856 | 4 | 0 |
_uhttps://www.mondaq.com/x/173692/Government+Contracts+Procurement+PPP/Implementing+Regulations+For+The+PRC+Bid+Invitation+And+Submission+Law _zView the article which is in Chinese and English free of charge by registering for Mondaq News Alerts at www.mondaq.com |
| 942 | _n0 | ||
| 999 |
_c114168 _d114168 |
||